大江戸線の内側にある駅 - Statistics

General Stats
  • This quiz has been taken 154 times
  • The average score is 51 of 64
Answer Stats
駅名 % Correct
新橋
96%
秋葉原
95%
東京
95%
神田
94%
有楽町
94%
大手町
93%
御茶ノ水
93%
銀座
93%
水道橋
93%
赤坂
92%
赤坂見附
91%
四ツ谷
90%
市ケ谷
89%
九段下
89%
永田町
88%
東銀座
88%
新宿三丁目
87%
日比谷
87%
神保町
86%
国会議事堂前
85%
銀座一丁目
84%
日本橋
84%
新御茶ノ水
83%
竹橋
83%
虎ノ門
83%
半蔵門
83%
霞ケ関
82%
信濃町
82%
浅草橋
81%
溜池山王
81%
二重橋前
81%
淡路町
80%
虎ノ門ヒルズ
80%
新日本橋
79%
四谷三丁目
79%
茅場町
78%
桜田門
78%
新宿御苑前
78%
築地
77%
馬喰横山
77%
三越前
77%
新富町
75%
六本木一丁目
75%
京橋
74%
麴町
74%
人形町
74%
東日本橋
74%
内幸町
73%
曙橋
71%
水天宮前
71%
馬喰町
71%
岩本町
70%
小川町
70%
宝町
70%
千駄ケ谷
69%
八丁堀
69%
御成門
68%
神谷町
68%
湯島
68%
末広町
63%
浜町
61%
小伝馬町
58%
仲御徒町
55%
西武新宿
29%
No matching quizzes found
Score Distribution
Percent of People with Each Score
Percentile by Number Answered
Your Score History
You have not taken this quiz